000 01634cam a22001934a 4500
005 20250605164019.0
008 250528s ||||||||||||||||||||||||d
035 _a16258
040 _aGR-AtMCL
_bgre
_dGR-AtMCL
_eAACR2
245 1 _aStrength of Materials / Elementary Theory and Problems: Part I
260 _bRobert E. Krieger Publishing Company,
_c1976
300 _a442
505 0 _aTension and Compression within the Elastic Limit, Analysis of Stress and Strain, Bending Moment and Shearing Force, Stresses in Laterally Loaded Symmetrical Beams, Deflection of Laterally Loaded Symmetrical Beams, Statically Indeterminate Problems in Bending, Symmetrical Beams of Variable Cross Section - Beams of Two Materials, Bending of Beams in a Plane Which is not a Plane of Symmetry, Combined Bending and Axial Load - Theory of Columns, Torsion and Combined Bending and Torsion, Strain Energy and Impact, Curved Bars, Appendices, Author and Subject Index.
520 _aTension and Compression within the Elastic Limit, Analysis of Stress and Strain, Bending Moment and Shearing Force, Stresses in Laterally Loaded Symmetrical Beams, Deflection of Laterally Loaded Symmetrical Beams, Statically Indeterminate Problems in Bending, Symmetrical Beams of Variable Cross Section - Beams of Two Materials, Bending of Beams in a Plane Which is not a Plane of Symmetry, Combined Bending and Axial Load - Theory of Columns, Torsion and Combined Bending and Torsion, Strain Energy and Impact, Curved Bars, Appendices, Author and Subject Index.
700 1 _aTimoshenko S
_92340
942 _cBK
999 _c1776
_d1776